Loading...
Science - Biology | 0 | 6 | 1 | 2 | 55 | 52 | 102.33 | 1 | 2 |
Literature - World Literature | 0 | 4 | 1 | 1 | 35 | 84 | 126.00 | 1 | 2 |
Science - Other Science | 0 | 4 | 1 | 2 | 35 | 97 | 122.00 | 0 | 2 |
Science - Chemistry | 0 | 3 | 0 | 1 | 30 | 105 | 116.33 | 0 | 1 |
Fine Arts - Painting and Sculpture | 0 | 3 | 1 | 1 | 25 | 95 | 115.67 | 1 | 2 |
History - World History | 0 | 2 | 0 | 0 | 20 | 104 | 116.00 | 0 | 1 |
Mythology | 0 | 2 | 0 | 1 | 20 | 122 | 127.00 | 0 | 1 |
Social Science | 0 | 2 | 0 | 1 | 20 | 121 | 123.00 | 0 | 0 |
Pop Culture | 0 | 2 | 0 | 0 | 20 | 77 | 86.00 | 0 | 1 |
History - American History | 0 | 2 | 0 | 0 | 20 | 105 | 108.50 | 0 | 2 |
History - European History | 0 | 2 | 0 | 0 | 20 | 113 | 132.00 | 0 | 1 |
History - Other History | 0 | 2 | 1 | 0 | 15 | 93 | 113.50 | 0 | 1 |
Fine Arts - Classical Music | 0 | 1 | 0 | 0 | 10 | 115 | 115.00 | 0 | 0 |
Fine Arts - Other Fine Arts | 0 | 1 | 0 | 0 | 10 | 111 | 111.00 | 0 | 0 |
Literature - American Literature | 0 | 1 | 0 | 0 | 10 | 112 | 112.00 | 0 | 0 |
Other Academic | 0 | 1 | 0 | 1 | 10 | 130 | 130.00 | 0 | 0 |
Religion | 0 | 1 | 1 | 1 | 5 | 129 | 129.00 | 0 | 0 |
Literature - British Literature | 0 | 1 | 1 | 0 | 5 | 107 | 107.00 | 0 | 0 |
Geography | 0 | 1 | 1 | 0 | 5 | 68 | 68.00 | 1 | 1 |
Philosophy | 0 | 0 | 1 | 0 | -5 | 0.00 | 0 | 0 | |
Literature - European Literature | 0 | 0 | 1 | 0 | -5 | 0.00 | 0 | 0 |